000 00590nam a2200229Ia 4500
003 OSt
005 20220924135338.0
006 a|||||r|||| 00| 0
007 ta
008 220923b |||||||| |||| 00| 0 ben d
024 _a290631
037 _cTextual
040 _aARTS
_cARTS
_bben
041 _2ben
_aben
082 _aO122vM71<-L83, 157M5
100 _aChowdhury
_9187934
245 0 _aStendhal thekr proust
260 _c1985
650 _aFRENCH LITERATURE
_913614
942 _hO122vM71<-L83, 157M5
_cTEXL
_2CC
999 _c440362
_d440362